| 000 | 01508nab a22002417a 4500 | ||
|---|---|---|---|
| 999 |
_c6553 _d6553 |
||
| 003 | OSt | ||
| 005 | 20260224090034.0 | ||
| 008 | 190506c xxu||||| |||| 00| 0 spa d | ||
| 040 | _cPJ | ||
| 100 |
_95176 _aPicón, Liliana Noemí |
||
| 245 | 1 | 3 |
_aLa competencia territorial de la justicia nacional del trabajo en el teletrabajo y las modalidades híbridas : _brepensando el presupuesto "lugar de trabajo" / _cLiliana N. Picón. |
| 260 |
_aBuenos Aires : _bAbeledoPerrot, _c2024. |
||
| 300 | _ap. 3-6 | ||
| 500 | _aCita: TR LALEY AR/DOC/1504/2024. | ||
| 505 | _aSumario: I. Un poco sobre este artículo.— II. El propósito legislativo.— III. El pago en juicio. Orden público. Protección de la propiedad de la persona que trabaja.— IV. La ratificación personal previa en pacto, desistimientos y acuerdos, protección de la disponibilidad del crédito de la persona que trabaja.— V. La realidad en la práctica.— VI. Breve análisis del tiempo y funcionamiento actual en algunos Departamentos Judiciales de la Pcia. de Bs. As.— VII. Una posible solución.— VIII. Conclusiones.— IX. Bibliografía. | ||
| 505 | _t¿Te interesa el texto completo? Comunicate al correo: koha@justierradelfuego.gov.ar | ||
| 650 | 0 |
_91316 _aDERECHO LABORAL |
|
| 650 | 0 |
_94195 _aCOMPETENCIA LABORAL |
|
| 650 | 0 |
_92397 _aCOMPETENCIA |
|
| 650 | 0 | _aFUERO LABORAL | |
| 773 | 0 |
_02751 _93202 _dBuenos Aires : AbeledoPerrot, 2013- _tRevista de derecho laboral y seguridad social. Nº 14 - Julio 2024 |
|
| 942 |
_2udc _cANA |
||